000 00845nam a2200253 i 4500
001 61973
003 ES-MaACL
005 20250524180309.0
007 t|
008 031117s1925 sp ||||1| spa d
100 1 _aFalkenheim, H.
_948752
245 1 0 _aHegel, Schopenhauer, Nietzsche /
_cpor H. Falkenheim, R. Lehmann y A. Pfèander.
260 _aMadrid :
_bRevista de Occidente,
_c1925 (
_fCalpe)
300 _a126 p. ;
_c23 cm.
490 1 _aLos grandes pensadores ;
_v6
600 1 4 _aHegel, Georg Wilhelm Friedrich.
_962316
600 1 4 _aSchopenhauer, Arthur,
_d1788-1860
_9240710
600 1 4 _aNietzsche, Friedrich,
_d1844-1900
_985718
700 1 _aLehmann, R.
_971340
700 1 _aPfänder, Alexander.
_9182824
830 1 _aLos grandes pensadores ;
_v6
_9182825
852 _aES-MaACL
_jC-6652
999 _c61973
_d61973